| 000 | 01799nam a2200505 i 4500 | ||
|---|---|---|---|
| 001 | 6243 | ||
| 003 | KOSZ 005 | ||
| 005 | 20200508091358.0 | ||
| 008 | 970629s1992 pl a f f |000 0 pol | ||
| 015 | _aPB 1993/1296 | ||
| 035 | _a991000755989705066 | ||
| 035 | _a(PL-WaBN)b10241097-48omnis_nlop | ||
| 035 | _ab10241097 | ||
| 035 | _a(OCoLC)750020178 | ||
| 035 | _a(PL)b0000001024109 | ||
| 035 | _a(EXLNZ-48OMNIS_NETWORK)9910112580905606 | ||
| 040 |
_aWA N _cWA N _dKOSZ 005/EC |
||
| 041 | _apol | ||
| 046 | _k1992 | ||
| 080 | _a658.1/.5.012.2 | ||
| 080 | _a66/69 | ||
| 080 | _a(075.8) | ||
| 100 | 1 |
_aDurlik, Ireneusz _d(1931- ) _eAutor |
|
| 245 | 1 | 0 |
_aProjektowanie technologiczno-organizacyjne zakładów przemysłowych. _nCz. 1, _pPodstawy projektowania zakładów przemysłowych / _cIreneusz Durlik ; Politechnika Gdańska. |
| 260 |
_aGdańsk : _bWydaw. PG, _c1992 _e(Pozn. : _fPP). |
||
| 300 |
_a225 s., [1] k. tabl. : _brys., wykr. ; _c24 cm. |
||
| 336 |
_2rdacontent _aTekst _btxt |
||
| 337 |
_2rdamedia _aBez urządzenia pośredniczącego _bn |
||
| 338 |
_2rdacarrier _aWolumin _bnc |
||
| 380 | _aKsiążki | ||
| 380 | _aPublikacje dydaktyczne | ||
| 385 |
_mPoziom nauczania _aSzkoły wyższe |
||
| 388 | _a1901-2000 | ||
| 388 | _a1989-2000 | ||
| 504 | _aBibliogr. przy rozdz. | ||
| 650 | 7 |
_aProdukcja _2DBN |
|
| 650 | 7 |
_aPrzedsiębiorstwo _2DBN |
|
| 655 | 7 |
_aPodręczniki akademickie _2DBN |
|
| 658 | _aInżynieria i technika | ||
| 658 | _aZarządzanie i marketing | ||
| 710 | 2 |
_aWydawnictwo Politechniki Gdańskiej _4pbl |
|
| 856 | 4 | 1 |
_uhttp://koha.tu.koszalin.pl/cgi-bin/koha/opac-detail.pl?biblionumber=6243http://polona.pl/item/8481019 _yKatalog online BPK _zZobacz w Polonie |
| 942 |
_2UKD _cKS |
||
| 999 |
_c6243 _d6243 |
||